[Event "WYCC Open U16"]
[Site "Porto Carras"]
[Date "2015.10.26"]
[Round "2.10"]
[White "Costachi, Mihnea"]
[Black "Doknjas, John"]
[Result "1-0"]
[BlackElo "2217"]
[WhiteElo "2407"]
[LiveChessVersion "1.4.6"]

1. d4 {[%clk 1:30:56]} Nf6 {[%clk 1:30:54]} 2. c4 {[%clk 1:31:15]} c5
{[%clk 1:31:15]} 3. d5 {[%clk 1:31:14]} e6 {[%clk 1:31:37]} 4. Nc3
{[%clk 1:31:18]} exd5 {[%clk 1:31:59]} 5. cxd5 {[%clk 1:31:42]} d6
{[%clk 1:32:22]} 6. Nf3 {[%clk 1:30:52]} g6 {[%clk 1:32:42]} 7. Bf4
{[%clk 1:30:02]} a6 {[%clk 1:32:55]} 8. a4 {[%clk 1:30:28]} Bg7 {[%clk 1:33:18]}
9. h3 {[%clk 1:29:31]} O-O {[%clk 1:33:38]} 10. e3 {[%clk 1:29:05]} Qe7
{[%clk 1:33:48]} 11. Be2 {[%clk 1:28:23]} Nbd7 {[%clk 1:34:06]} 12. O-O
{[%clk 1:28:43]} Ne8 {[%clk 1:34:30]} 13. a5 {[%clk 1:28:59]} Rb8
{[%clk 1:31:25]} 14. Ra3 {[%clk 1:27:41]} b5 {[%clk 1:16:20]} 15. axb6
{[%clk 1:27:08]} Rxb6 {[%clk 1:16:35]} 16. Qa1 {[%clk 1:13:37]} Nc7
{[%clk 1:09:16]} 17. Nd2 {[%clk 1:13:59]} Ne5 {[%clk 1:01:16]} 18. Rb3
{[%clk 1:10:56]} Rxb3 {[%clk 0:57:21]} 19. Nxb3 {[%clk 1:11:16]} Nb5
{[%clk 0:46:22]} 20. Na5 {[%clk 0:46:35]} Qc7 {[%clk 0:22:35]} 21. Nxb5
{[%clk 0:42:20]} axb5 {[%clk 0:21:50]} 22. Bxb5 {[%clk 0:42:08]} Bb7
{[%clk 0:20:42]} 23. e4 {[%clk 0:34:10]} Ra8 {[%clk 0:18:22]} 24. Bd2
{[%clk 0:34:16]} Ba6 {[%clk 0:15:23]} 25. Bxa6 {[%clk 0:31:26]} Rxa6
{[%clk 0:15:46]} 26. Qa4 {[%clk 0:31:26]} Ra8 {[%clk 0:12:46]} 27. b3
{[%clk 0:26:32]} Qb6 {[%clk 0:08:18]} 28. f4 {[%clk 0:19:48]} Nd3
{[%clk 0:07:04]} 29. Qc6 {[%clk 0:19:33]} Qxc6 {[%clk 0:06:40]} 30. dxc6
{[%clk 0:19:43]} Bd4+ {[%clk 0:04:47]} 31. Kh2 {[%clk 0:19:39]} Rc8
{[%clk 0:03:54]} 32. Kg3 {[%clk 0:11:55]} f5 {[%clk 0:03:54]} 33. exf5
{[%clk 0:11:54]} gxf5 {[%clk 0:04:19]} 34. Rf3 {[%clk 0:12:14]} Nb2
{[%clk 0:02:57]} 35. b4 {[%clk 0:09:52]} cxb4 {[%clk 0:01:45]} 36. Bxb4
{[%clk 0:10:18]} Bb6 {[%clk 0:02:05]} 37. Rb3 {[%clk 0:09:34]} Na4
{[%clk 0:02:00]} 38. Ra3 {[%clk 0:06:34]} Nc5 {[%clk 0:00:47]} 39. Bxc5
{[%clk 0:06:24]} Bxc5 {[%clk 0:00:34]} 40. Rb3 {[%clk 0:36:40]} Kf7
{[%clk 0:30:33]} 41. Rb7+ {[%clk 0:36:17]} Ke6 {[%clk 0:22:00]} 42. Rxh7
{[%clk 0:33:16]} Bb4 {[%clk 0:22:09]} 43. Nb7 {[%clk 0:31:54]} Kd5
{[%clk 0:21:26]} 44. c7 {[%clk 0:31:56]} Kc4 {[%clk 0:19:15]} 45. Kf3
{[%clk 0:28:48]} d5 {[%clk 0:19:28]} 46. Nd8 {[%clk 0:27:20]} Bc5
{[%clk 0:13:03]} 47. Ne6 {[%clk 0:26:19]} Re8 {[%clk 0:10:32]} 48. g4
{[%clk 0:25:04]} 1-0

[Event "WYCC Open U16"]
[Site "Porto Carras"]
[Date "2015.10.26"]
[Round "2.11"]
[White "Mamyrbay, Assad"]
[Black "Kantor, Gergely"]
[Result "1/2-1/2"]
[BlackElo "2403"]
[WhiteElo "2195"]
[LiveChessVersion "1.4.6"]

1. e4 {[%clk 1:30:59]} e5 {[%clk 1:30:56]} 2. Nf3 {[%clk 1:31:25]} Nc6
{[%clk 1:31:21]} 3. Bb5 {[%clk 1:31:51]} a6 {[%clk 1:31:47]} 4. Ba4
{[%clk 1:32:16]} Nf6 {[%clk 1:32:13]} 5. O-O {[%clk 1:32:38]} Bc5
{[%clk 1:32:35]} 6. c3 {[%clk 1:29:52]} b5 {[%clk 1:32:56]} 7. Bb3
{[%clk 1:28:12]} d6 {[%clk 1:33:06]} 8. d4 {[%clk 1:28:14]} Bb6 {[%clk 1:33:24]}
9. Be3 {[%clk 1:28:20]} O-O {[%clk 1:33:26]} 10. Nbd2 {[%clk 1:28:29]} Re8
{[%clk 1:33:04]} 11. Re1 {[%clk 1:26:56]} Na5 {[%clk 1:32:26]} 12. Bc2
{[%clk 1:25:39]} c5 {[%clk 1:32:22]} 13. d5 {[%clk 1:25:51]} c4 {[%clk 1:32:23]}
14. b4 {[%clk 1:25:29]} cxb3 {[%clk 1:32:33]} 15. axb3 {[%clk 1:25:36]} Bd7
{[%clk 1:27:38]} 16. b4 {[%clk 1:13:43]} Nb7 {[%clk 1:27:31]} 17. Qe2
{[%clk 1:11:12]} Bxe3 {[%clk 1:07:44]} 18. Qxe3 {[%clk 1:11:18]} Ng4
{[%clk 1:07:04]} 19. Qe2 {[%clk 1:08:51]} Qb6 {[%clk 1:04:42]} 20. h3
{[%clk 1:06:02]} Nf6 {[%clk 0:57:25]} 21. Ra3 {[%clk 1:00:14]} Rec8
{[%clk 0:53:52]} 1/2-1/2

[Event "WYCC Open U16"]
[Site "Porto Carras"]
[Date "2015.10.26"]
[Round "2.12"]
[White "Nikitenko, Mihail"]
[Black "Isaev, Chyngyz"]
[Result "1-0"]
[BlackElo "2193"]
[WhiteElo "2393"]
[LiveChessVersion "1.4.6"]

1. e4 {[%clk 1:30:55]} e5 {[%clk 1:30:53]} 2. Nf3 {[%clk 1:31:11]} Nc6
{[%clk 1:31:12]} 3. Bb5 {[%clk 1:31:29]} g6 {[%clk 1:31:32]} 4. d4
{[%clk 1:31:42]} exd4 {[%clk 1:31:40]} 5. Bg5 {[%clk 1:31:57]} Be7
{[%clk 1:31:12]} 6. Bxe7 {[%clk 1:32:15]} Qxe7 {[%clk 1:31:38]} 7. Bxc6
{[%clk 1:32:26]} dxc6 {[%clk 1:31:33]} 8. Qxd4 {[%clk 1:32:38]} Nf6
{[%clk 1:31:54]} 9. Nc3 {[%clk 1:32:32]} Bg4 {[%clk 1:32:08]} 10. O-O-O
{[%clk 1:29:10]} Bxf3 {[%clk 1:31:11]} 11. gxf3 {[%clk 1:29:22]} O-O
{[%clk 1:31:30]} 12. Rdg1 {[%clk 1:27:39]} Nh5 {[%clk 1:19:11]} 13. Ne2
{[%clk 1:25:37]} Qe6 {[%clk 1:15:28]} 14. Kb1 {[%clk 1:22:57]} Rad8
{[%clk 1:11:58]} 15. Qe3 {[%clk 1:20:14]} f5 {[%clk 1:05:21]} 16. Nd4
{[%clk 1:17:57]} Qc4 {[%clk 0:41:22]} 17. Nxf5 {[%clk 1:17:01]} Ng7
{[%clk 0:36:48]} 18. b3 {[%clk 1:15:00]} Qe6 {[%clk 0:36:51]} 19. Nxg7
{[%clk 1:14:52]} Kxg7 {[%clk 0:37:13]} 20. h4 {[%clk 1:15:15]} Qf6
{[%clk 0:28:17]} 21. h5 {[%clk 1:13:27]} Qf4 {[%clk 0:27:03]} 22. hxg6
{[%clk 1:12:44]} hxg6 {[%clk 0:27:23]} 23. Qc5 {[%clk 1:13:09]} Qxf3
{[%clk 0:21:22]} 24. Qe5+ {[%clk 1:13:30]} Qf6 {[%clk 0:21:20]} 25. Rxg6+
{[%clk 1:13:50]} Kxg6 {[%clk 0:21:13]} 26. Qh5+ {[%clk 1:14:15]} 1-0

[Event "WYCC Open U16"]
[Site "Porto Carras"]
[Date "2015.10.26"]
[Round "2.13"]
[White "Alexiadis, Hristos"]
[Black "Capone, Nicola"]
[Result "0-1"]
[BlackElo "2391"]
[WhiteElo "2189"]
[LiveChessVersion "1.4.6"]

1. e4 {[%clk 1:29:43]} c5 {[%clk 1:30:58]} 2. Nf3 {[%clk 1:29:01]} d6
{[%clk 1:31:23]} 3. Bb5+ {[%clk 1:27:31]} Nc6 {[%clk 1:30:33]} 4. O-O
{[%clk 1:24:59]} Bg4 {[%clk 1:22:15]} 5. c3 {[%clk 1:21:25]} e6 {[%clk 0:51:20]}
6. d4 {[%clk 1:04:24]} Bxf3 {[%clk 0:51:38]} 7. Qxf3 {[%clk 1:04:23]} d5
{[%clk 0:51:30]} 8. Re1 {[%clk 0:59:00]} Nf6 {[%clk 0:38:16]} 9. Bg5
{[%clk 0:46:10]} dxe4 {[%clk 0:38:19]} 10. Rxe4 {[%clk 0:46:20]} Qb6
{[%clk 0:21:13]} 11. Bxc6+ {[%clk 0:42:45]} Qxc6 {[%clk 0:21:03]} 12. Bxf6
{[%clk 0:43:04]} gxf6 {[%clk 0:21:26]} 13. d5 {[%clk 0:38:42]} Qxd5
{[%clk 0:20:41]} 14. c4 {[%clk 0:39:05]} Qc6 {[%clk 0:20:04]} 15. Nc3
{[%clk 0:36:20]} Be7 {[%clk 0:06:38]} 16. Qh5 {[%clk 0:24:41]} Rf8
{[%clk 0:01:37]} 17. Nb5 {[%clk 0:23:30]} Qxe4 {[%clk 0:01:20]} 18. Qd1
{[%clk 0:23:40]} Qc6 {[%clk 0:01:07]} 19. Qa4 {[%clk 0:24:07]} Rg8
{[%clk 0:00:41]} 20. g3 {[%clk 0:24:25]} Kf8 {[%clk 0:01:05]} 21. Qc2
{[%clk 0:24:50]} a6 {[%clk 0:01:25]} 22. Nc3 {[%clk 0:25:16]} f5 {[%clk 0:01:48]}
23. Re1 {[%clk 0:25:40]} Rd8 {[%clk 0:01:59]} 0-1

[Event "WYCC Open U16"]
[Site "Porto Carras"]
[Date "2015.10.26"]
[Round "2.14"]
[White "Abdisalimov, Abdimalik"]
[Black "Escalante Ramirez, Brian Sebas"]
[Result "1-0"]
[BlackElo "2381"]
[WhiteElo "2178"]
[LiveChessVersion "1.4.6"]

1. d4 {[%clk 1:30:47]} Nf6 {[%clk 1:30:58]} 2. c4 {[%clk 1:31:10]} g6
{[%clk 1:31:25]} 3. Nc3 {[%clk 1:31:35]} Bg7 {[%clk 1:31:52]} 4. e4
{[%clk 1:31:40]} d6 {[%clk 1:32:18]} 5. Be2 {[%clk 1:32:03]} O-O {[%clk 1:32:19]}
6. Nf3 {[%clk 1:32:24]} Na6 {[%clk 1:32:43]} 7. O-O {[%clk 1:32:08]} e5
{[%clk 1:33:10]} 8. Re1 {[%clk 1:27:22]} c6 {[%clk 1:33:31]} 9. Rb1
{[%clk 1:25:06]} exd4 {[%clk 1:23:00]} 10. Nxd4 {[%clk 1:25:07]} Nc5
{[%clk 1:19:33]} 11. Bf1 {[%clk 1:23:37]} d5 {[%clk 1:08:02]} 12. e5
{[%clk 0:50:01]} Nfe4 {[%clk 1:08:20]} 13. f3 {[%clk 0:49:25]} Nxc3
{[%clk 0:55:51]} 14. bxc3 {[%clk 0:49:53]} Re8 {[%clk 0:51:43]} 15. Ba3
{[%clk 0:47:31]} Ne6 {[%clk 0:49:20]} 16. Bd6 {[%clk 0:46:34]} Bf8
{[%clk 0:19:27]} 17. cxd5 {[%clk 0:39:34]} cxd5 {[%clk 0:17:37]} 18. Nb5
{[%clk 0:38:53]} a6 {[%clk 0:15:09]} 19. Bxf8 {[%clk 0:38:49]} Rxf8
{[%clk 0:15:32]} 20. Nd6 {[%clk 0:39:00]} Qa5 {[%clk 0:15:38]} 21. Qd2
{[%clk 0:30:55]} d4 {[%clk 0:09:29]} 22. Rb4 {[%clk 0:30:33]} dxc3
{[%clk 0:08:08]} 23. Qxc3 {[%clk 0:31:01]} Bd7 {[%clk 0:03:17]} 24. Nxb7
{[%clk 0:27:15]} Rac8 {[%clk 0:01:45]} 25. Nxa5 {[%clk 0:13:05]} Rxc3
{[%clk 0:02:13]} 26. Nb3 {[%clk 0:13:34]} a5 {[%clk 0:01:41]} 27. Nxa5
{[%clk 0:11:46]} Ra8 {[%clk 0:01:19]} 28. Nc4 {[%clk 0:12:01]} Rxa2
{[%clk 0:01:43]} 29. Nd6 {[%clk 0:11:41]} Rcc2 {[%clk 0:01:05]} 30. Rb7
{[%clk 0:10:45]} Nc5 {[%clk 0:01:26]} 31. Rc7 {[%clk 0:11:03]} h5
{[%clk 0:00:47]} 32. Nxf7 {[%clk 0:11:15]} Kxf7 {[%clk 0:00:47]} 33. e6+
{[%clk 0:11:45]} Ke7 {[%clk 0:00:31]} 34. exd7+ {[%clk 0:12:08]} 1-0

[Event "WYCC Open U16"]
[Site "Porto Carras"]
[Date "2015.10.26"]
[Round "2.15"]
[White "Acosta, Pablo Ismael"]
[Black "Kavon, Rastislav"]
[Result "1-0"]
[BlackElo "2183"]
[WhiteElo "2377"]
[LiveChessVersion "1.4.6"]

1. d4 {[%clk 1:30:56]} Nf6 {[%clk 1:29:28]} 2. c4 {[%clk 1:31:20]} g6
{[%clk 1:29:54]} 3. Nc3 {[%clk 1:31:42]} Bg7 {[%clk 1:30:16]} 4. e4
{[%clk 1:32:06]} d6 {[%clk 1:30:34]} 5. Be2 {[%clk 1:32:23]} O-O {[%clk 1:30:32]}
6. Nf3 {[%clk 1:32:18]} e5 {[%clk 1:30:36]} 7. Be3 {[%clk 1:27:52]} Nc6
{[%clk 1:27:51]} 8. d5 {[%clk 1:27:29]} Ne7 {[%clk 1:28:13]} 9. Nd2
{[%clk 1:27:53]} Ne8 {[%clk 1:25:03]} 10. f3 {[%clk 1:25:47]} f5 {[%clk 1:24:33]}
11. Bf2 {[%clk 1:11:39]} f4 {[%clk 1:21:40]} 12. g4 {[%clk 0:53:44]} Rf7
{[%clk 1:02:32]} 13. c5 {[%clk 0:49:53]} Bf8 {[%clk 1:00:26]} 14. Nc4
{[%clk 0:48:02]} h5 {[%clk 0:52:46]} 15. h3 {[%clk 0:45:49]} Rh7 {[%clk 0:44:27]}
16. Qb3 {[%clk 0:32:42]} hxg4 {[%clk 0:44:21]} 17. fxg4 {[%clk 0:33:06]} g5
{[%clk 0:37:56]} 18. Nxe5 {[%clk 0:27:04]} dxe5 {[%clk 0:38:17]} 19. d6+
{[%clk 0:27:30]} Kh8 {[%clk 0:38:17]} 20. dxe7 {[%clk 0:27:43]} Qxe7
{[%clk 0:37:53]} 21. O-O-O {[%clk 0:23:37]} c6 {[%clk 0:34:13]} 22. Bf3
{[%clk 0:18:27]} Be6 {[%clk 0:32:02]} 23. Qa4 {[%clk 0:18:50]} a6
{[%clk 0:29:52]} 24. Qa5 {[%clk 0:14:50]} Qc7 {[%clk 0:27:10]} 25. Qxc7
{[%clk 0:13:31]} Nxc7 {[%clk 0:27:35]} 26. h4 {[%clk 0:11:15]} Be7
{[%clk 0:26:23]} 27. h5 {[%clk 0:09:47]} Ne8 {[%clk 0:25:18]} 28. b3
{[%clk 0:07:57]} Nf6 {[%clk 0:23:32]} 29. Rhg1 {[%clk 0:07:21]} Rd8
{[%clk 0:23:09]} 30. Na4 {[%clk 0:07:02]} Rxd1+ {[%clk 0:18:43]} 31. Kxd1
{[%clk 0:07:20]} Kg7 {[%clk 0:18:19]} 32. Be1 {[%clk 0:07:36]} Nd7
{[%clk 0:18:24]} 33. Bf2 {[%clk 0:06:25]} Rh8 {[%clk 0:17:57]} 34. Kc2
{[%clk 0:06:09]} Rd8 {[%clk 0:17:12]} 35. Kc3 {[%clk 0:05:44]} Nf6
{[%clk 0:12:30]} 36. Nb2 {[%clk 0:05:51]} Ng8 {[%clk 0:08:51]} 37. Nd3
{[%clk 0:06:03]} Bf6 {[%clk 0:08:50]} 38. Kc2 {[%clk 0:06:14]} Nh6
{[%clk 0:08:19]} 39. Be1 {[%clk 0:06:36]} Bc8 {[%clk 0:08:12]} 40. Bc3
{[%clk 0:36:15]} Re8 {[%clk 0:37:51]} 41. Nb2 {[%clk 0:25:22]} Be6
{[%clk 0:34:27]} 42. Be2 {[%clk 0:22:20]} Re7 {[%clk 0:31:55]} 43. a4
{[%clk 0:16:28]} Re8 {[%clk 0:30:52]} 44. Nd3 {[%clk 0:15:35]} Bc8
{[%clk 0:29:26]} 45. b4 {[%clk 0:15:35]} Bd7 {[%clk 0:28:53]} 46. Nf2
{[%clk 0:15:31]} Be6 {[%clk 0:26:36]} 47. Rb1 {[%clk 0:14:16]} Rc8
{[%clk 0:26:36]} 48. Kd2 {[%clk 0:12:06]} Bd7 {[%clk 0:21:09]} 49. Ke1
{[%clk 0:11:57]} Kf7 {[%clk 0:19:10]} 50. Kf1 {[%clk 0:12:09]} Ke7
{[%clk 0:18:46]} 51. Kg2 {[%clk 0:12:06]} Rc7 {[%clk 0:16:04]} 52. Kf3
{[%clk 0:11:32]} Kd8 {[%clk 0:13:06]} 53. b5 {[%clk 0:11:05]} Rc8
{[%clk 0:12:59]} 54. bxa6 {[%clk 0:09:21]} bxa6 {[%clk 0:13:25]} 55. a5
{[%clk 0:06:36]} Ra8 {[%clk 0:13:17]} 56. Bc4 {[%clk 0:06:15]} Kc7
{[%clk 0:11:53]} 57. Rd1 {[%clk 0:06:23]} Rd8 {[%clk 0:11:38]} 58. Rd6
{[%clk 0:06:25]} 1-0

[Event "WYCC Open U16"]
[Site "Porto Carras"]
[Date "2015.10.26"]
[Round "2.16"]
[White "Livaic, Leon"]
[Black "Marosi, Levente"]
[Result "1-0"]
[BlackElo "2174"]
[WhiteElo "2372"]
[LiveChessVersion "1.4.6"]

1. Nf3 {[%clk 1:30:34]} Nf6 {[%clk 1:30:39]} 2. c4 {[%clk 1:30:59]} g6
{[%clk 1:30:51]} 3. Nc3 {[%clk 1:31:15]} Bg7 {[%clk 1:31:10]} 4. g3
{[%clk 1:31:37]} O-O {[%clk 1:31:29]} 5. Bg2 {[%clk 1:32:04]} d6 {[%clk 1:31:52]}
6. O-O {[%clk 1:32:22]} e5 {[%clk 1:32:11]} 7. d3 {[%clk 1:32:32]} Nc6
{[%clk 1:23:43]} 8. Rb1 {[%clk 1:32:11]} Nd7 {[%clk 1:13:35]} 9. b4
{[%clk 1:26:51]} f5 {[%clk 1:11:19]} 10. Nd5 {[%clk 1:24:10]} h6 {[%clk 1:07:21]}
11. b5 {[%clk 1:21:12]} Ne7 {[%clk 1:07:15]} 12. Nd2 {[%clk 1:20:40]} Kh7
{[%clk 1:04:54]} 13. Nxe7 {[%clk 1:13:35]} Qxe7 {[%clk 1:04:33]} 14. a4
{[%clk 1:13:16]} Nf6 {[%clk 1:02:18]} 15. Qc2 {[%clk 1:13:22]} Re8
{[%clk 0:56:35]} 16. Bb2 {[%clk 0:59:29]} e4 {[%clk 0:50:46]} 17. Bxf6
{[%clk 0:52:57]} exd3 {[%clk 0:50:08]} 18. exd3 {[%clk 0:53:16]} Bxf6
{[%clk 0:49:32]} 19. Nb3 {[%clk 0:53:10]} a6 {[%clk 0:42:27]} 20. a5
{[%clk 0:41:46]} Rb8 {[%clk 0:36:05]} 21. Qd2 {[%clk 0:32:21]} Bd7
{[%clk 0:32:14]} 22. Rfe1 {[%clk 0:32:18]} Qg7 {[%clk 0:31:17]} 23. Rxe8
{[%clk 0:32:40]} Bxe8 {[%clk 0:31:41]} 24. Qe3 {[%clk 0:31:37]} c5
{[%clk 0:15:35]} 25. Nxc5 {[%clk 0:20:16]} dxc5 {[%clk 0:09:17]} 26. bxa6
{[%clk 0:20:41]} b5 {[%clk 0:07:42]} 27. axb6 {[%clk 0:20:28]} Bd4
{[%clk 0:05:32]} 28. Qe2 {[%clk 0:19:49]} 1-0

[Event "WYCC Open U16"]
[Site "Porto Carras"]
[Date "2015.10.26"]
[Round "2.17"]
[White "Agmanov, Zhandos"]
[Black "Tomczak, Mikolaj"]
[Result "1-0"]
[BlackElo "2372"]
[WhiteElo "2167"]
[LiveChessVersion "1.4.6"]

1. e4 {[%clk 1:30:54]} c5 {[%clk 1:30:55]} 2. Nf3 {[%clk 1:31:12]} d6
{[%clk 1:31:19]} 3. d4 {[%clk 1:31:32]} cxd4 {[%clk 1:31:44]} 4. Nxd4
{[%clk 1:31:59]} Nf6 {[%clk 1:32:06]} 5. Nc3 {[%clk 1:32:23]} e6 {[%clk 1:32:30]}
6. Be3 {[%clk 1:32:03]} a6 {[%clk 1:32:45]} 7. Be2 {[%clk 1:31:26]} Nbd7
{[%clk 1:32:29]} 8. f4 {[%clk 1:28:56]} b5 {[%clk 1:27:12]} 9. a3
{[%clk 1:27:14]} Bb7 {[%clk 1:23:48]} 10. Bf3 {[%clk 1:26:02]} Qc7
{[%clk 1:21:10]} 11. Nb3 {[%clk 1:16:59]} Be7 {[%clk 1:16:40]} 12. O-O
{[%clk 1:11:07]} O-O {[%clk 1:16:18]} 13. Bd4 {[%clk 1:07:24]} Nc5
{[%clk 1:03:57]} 14. Nxc5 {[%clk 0:50:43]} dxc5 {[%clk 1:03:42]} 15. Bxf6
{[%clk 0:47:55]} Bxf6 {[%clk 1:02:10]} 16. e5 {[%clk 0:47:28]} Rfd8
{[%clk 1:01:09]} 17. Qe2 {[%clk 0:42:20]} Be7 {[%clk 0:57:33]} 18. Rad1
{[%clk 0:40:31]} c4 {[%clk 0:55:22]} 19. Bxb7 {[%clk 0:39:45]} Qxb7
{[%clk 0:54:12]} 20. Qe4 {[%clk 0:38:28]} Bc5+ {[%clk 0:43:38]} 21. Kh1
{[%clk 0:38:50]} Qxe4 {[%clk 0:43:22]} 22. Nxe4 {[%clk 0:38:57]} Bd4
{[%clk 0:43:12]} 23. c3 {[%clk 0:39:20]} Be3 {[%clk 0:43:18]} 24. g3
{[%clk 0:38:03]} Rd5 {[%clk 0:36:56]} 25. Kg2 {[%clk 0:36:52]} Rad8
{[%clk 0:29:13]} 26. Rxd5 {[%clk 0:36:04]} Rxd5 {[%clk 0:14:36]} 27. a4
{[%clk 0:30:20]} bxa4 {[%clk 0:10:50]} 28. Ra1 {[%clk 0:30:46]} Ra5
{[%clk 0:08:23]} 29. Nd6 {[%clk 0:30:17]} a3 {[%clk 0:07:32]} 30. Nxc4
{[%clk 0:26:55]} axb2 {[%clk 0:07:28]} 31. Rb1 {[%clk 0:27:19]} Rb5
{[%clk 0:02:40]} 32. Nxe3 {[%clk 0:27:36]} a5 {[%clk 0:03:09]} 33. Nc4
{[%clk 0:22:12]} a4 {[%clk 0:03:30]} 34. Na3 {[%clk 0:21:54]} Rb3
{[%clk 0:03:49]} 35. Rd1 {[%clk 0:21:49]} Kf8 {[%clk 0:02:23]} 36. Nb1
{[%clk 0:22:02]} Ke7 {[%clk 0:00:33]} 37. Rd6 {[%clk 0:22:03]} Rb5
{[%clk 0:00:39]} 38. Ra6 {[%clk 0:22:04]} Rd5 {[%clk 0:00:41]} 39. Rb6
{[%clk 0:22:18]} a3 {[%clk 0:00:35]} 40. Nxa3 {[%clk 0:52:42]} Rd2+
{[%clk 0:30:57]} 41. Kh3 {[%clk 0:52:31]} 1-0

[Event "WYCC Open U16"]
[Site "Porto Carras"]
[Date "2015.10.26"]
[Round "2.18"]
[White "Martirosyan, Haik M."]
[Black "Stauskas, Lukas"]
[Result "1-0"]
[BlackElo "2169"]
[WhiteElo "2366"]
[LiveChessVersion "1.4.6"]

1. d4 {[%clk 1:30:57]} Nf6 {[%clk 1:30:53]} 2. c4 {[%clk 1:31:14]} e6
{[%clk 1:31:16]} 3. Nf3 {[%clk 1:31:30]} b6 {[%clk 1:31:40]} 4. a3
{[%clk 1:31:40]} Bb7 {[%clk 1:32:01]} 5. Nc3 {[%clk 1:32:00]} d5 {[%clk 1:32:24]}
6. cxd5 {[%clk 1:32:19]} Nxd5 {[%clk 1:32:44]} 7. Qc2 {[%clk 1:31:54]} Nxc3
{[%clk 1:26:56]} 8. bxc3 {[%clk 1:28:11]} Qd5 {[%clk 1:27:11]} 9. g3
{[%clk 1:23:18]} c5 {[%clk 1:19:10]} 10. Bg2 {[%clk 1:20:36]} Be7
{[%clk 1:18:44]} 11. O-O {[%clk 1:17:29]} O-O {[%clk 1:15:57]} 12. Rd1
{[%clk 1:12:21]} cxd4 {[%clk 1:14:25]} 13. cxd4 {[%clk 1:05:46]} Bf6
{[%clk 1:08:49]} 14. Bf4 {[%clk 1:03:51]} Rc8 {[%clk 1:00:11]} 15. Qd3
{[%clk 0:59:27]} Qe4 {[%clk 0:56:46]} 16. Qb5 {[%clk 0:50:47]} Qd5
{[%clk 0:48:16]} 17. Qb2 {[%clk 0:43:22]} Qd7 {[%clk 0:40:35]} 18. Ne5
{[%clk 0:38:35]} Bxe5 {[%clk 0:39:05]} 19. dxe5 {[%clk 0:38:38]} Qe7
{[%clk 0:37:35]} 20. Bg5 {[%clk 0:38:55]} Qc7 {[%clk 0:37:40]} 21. Bd8
{[%clk 0:38:51]} Rxd8 {[%clk 0:36:50]} 22. Rxd8+ {[%clk 0:39:13]} Qxd8
{[%clk 0:37:16]} 23. Bxb7 {[%clk 0:39:35]} Nd7 {[%clk 0:37:28]} 24. Rd1
{[%clk 0:37:28]} 1-0